000 00842nam a2200253 a 4500
001 BRCA_5587
005 20190320205136.0
008 210211s1920----mx-a######---#000-0#spa-#
041 _aspa
044 _amx
050 4 _aZ989
_b.R66 1 1920
100 1 _aRomero de Terreros, Manuel
_cMarqués de San Francisco
_d1880-1968
_914241
245 1 0 _aUn bibliófilo en el Santo Oficio
_cManuel Romero de Terreros.
260 _aMéxico
_bLibrería Pedro Robredo
_c1920
300 _a47 p.
_bil.
_c24 cm.
500 _aCon dedicatoria en la portada
500 _aEstado físico: la tapa anterior está muy rota y a punto de desprenderse, las dos primeras páginas están rotas
500 _aEjemplar igual a S65
500 _aF63
504 _aBibliografía p. 47
650 1 4 _aInquisición
_zMéxico
_98130
902 _aGFM
942 _2lcc
_cB
999 _c5281
_d5281